000 00926nas a2200289 4500
001 BR0800062
003 BR-BrBNA
005 20231205111428.0
007 ta
008 230509b bl.|||p| |||| 00| 00por d
040 _aBR-BrBNA
_bpor
_cBiblioteca Nacional de Agricultura
041 _a(Pt)
072 _aL40
100 1 _aMachado, G.V.
100 1 _aCal. J.A.
100 1 _aSouza, J.R.
100 1 _aParizzi, A.
100 1 _aGonçalves, P.R.
100 1 _aBirck, A.J.
245 1 _aTopografia do cone medular no ratão-do-banhado (Myocastor cypus Molina, 1792 - rodentia: Mammalia)
_b7 Jornada de Medicina Veterinária
650 _aRATÃO-DO-BANHADO
650 _aANATOMIA
650 _aMEDULA
773 0 _tArquivos de Ciências Veterinárias e Zoologia da UNIPAR (Brazil)
_xISSN 1415-8167
_g(Jul-Dec 2002), v. 5(2) p. 298
_wBR0800062
909 _a202311
_bLúcia
_c55
_dLúcia Elande
942 _2AGRIS
_n0
_cANA
999 _c192669
_d192669